| 000 | 00704nam a22002297a 4500 | ||
|---|---|---|---|
| 003 | OSt | ||
| 005 | 20160715183437.0 | ||
| 008 | 160715b xxu||||| |||| 00| 0 eng d | ||
| 020 | _a81-317-0574-9 | ||
| 040 | _cLIC | ||
| 082 |
_22007 _aDRef 001 _bT39c |
||
| 100 |
_911412 _aThorpe, Edgar |
||
| 245 |
_aThe Pearson concise general knowledge manual: _b2007/ _cEdgar Thorpe, Showick Thorpe |
||
| 260 |
_aSingapore: _bPearson Education, _cc2007. |
||
| 300 |
_axii, (various paging); _c21 cm. |
||
| 365 |
_b350.00 _cPhp |
||
| 650 | 0 |
_911414 _aInformation _xGeneral knowledge |
|
| 650 | 0 |
_911415 _aGeneral information |
|
| 650 | 0 |
_911420 _aCurrent issues |
|
| 700 |
_911421 _aThorpe, Showick |
||
| 942 |
_2ddc _cDREF |
||
| 999 |
_c3423 _d3423 |
||